01259nam a2200241Ia 4500001001100000003001000011008004100021040002500062041001300087100002500100245006200125250001100187260007400198300001200272500018400284501011400468520018400582650003400766942000700800957000600807999004200813952016200855L235-8192ZIT-CnALBA170116s9999||||xx |||||||||||||| ||und|| aIT-CnALBAcIT-CnALBA aITALIANO aGIOVANNA DELLA CROCE 0aEDITH STEIN. UNA VITA SEGNATA DAL PRIMATO DELLO SPIRITO.  a1a ed. aMILANObOR., EDIZIONI c1991 [1° Ed.:1991 - Ed.Ling.Originale: 1991] a120 p.  aVICENDE DELLA VITA. FILOSOFIA. DALL'EBRAISMO AL CATTOLICESIMO. CRISI. INSEGNANTE A SPIRA. DOCENTE A MUNSTER. VERSO IL CARMELO. NEL MONASTERO DI COLONIA. LA BENEDETTA DELLA CROCE.  aSocietà San Paolo EM - Piazza San Paolo, 14 - 12051 ALBA (CN) (non commercial uses only) ® Copyright 2017 aVICENDE DELLA VITA. FILOSOFIA. DALL'EBRAISMO AL CATTOLICESIMO. CRISI. INSEGNANTE A SPIRA. DOCENTE A MUNSTER. VERSO IL CARMELO. NEL MONASTERO DI COLONIA. LA BENEDETTA DELLA CROCE.  aMARIA SS. ANGELI SANTI DEMONI cBK 71 a43753bNOg Copie: 1 c297785d297785 0010406L_2358192Z71aALBAbALBAd2017-01-16l0oL235-8192Zr2017-01-16 00:00:00w2017-01-16yBKz(data import: 16 gennaio 2017) - By Epidotti, Vaglietti.